Ethics in engineering, 4/e (Record no. 294427)

000 -LEADER
fixed length control field 00292 a2200133 4500
001 - CONTROL NUMBER
control field 59354
082 ## - DEWEY DECIMAL CLASSIFICATION NUMBER
Classification number 174.962 MAR
090 ## - LOCALLY ASSIGNED LC-TYPE CALL NUMBER (OCLC); LOCAL CALL NUMBER (RLIN)
-- 36380
-- 36380
100 ## - MAIN ENTRY--PERSONAL NAME
Personal name Martin Mike W
245 ## - TITLE STATEMENT
Title Ethics in engineering, 4/e
250 ## - EDITION STATEMENT
Edition statement 4
260 ## - PUBLICATION, DISTRIBUTION, ETC.
Place of publication, distribution, etc. USA
Name of publisher, distributor, etc. McGraw Hill
Date of publication, distribution, etc. 2005
300 ## - PHYSICAL DESCRIPTION
Extent 352 p.
942 ## - ADDED ENTRY ELEMENTS (KOHA)
Institution code [OBSOLETE] NUST-CAE
Call number prefix 174.962 MAR
Holdings
Withdrawn status Lost status Damaged status Not for loan Collection code Permanent Location Current Location Date acquired Total Checkouts Full call number Barcode Date last seen Price effective from Koha item type
          College of Aeronautical Engineering (CAE) College of Aeronautical Engineering (CAE) 04/03/2017   174.962 MAR CAE80784 04/05/2017 04/05/2017 Book
© 2023 Central Library, National University of Sciences and Technology. All Rights Reserved.